000 00207 a2200097 4500
001 8630
100 _aIntsar ul Haque
245 _aPhilosophy of Religion.
260 _a
_bFerozsons
_c
090 _c6953
_d6953
942 _aNUST-CAE
_cM
_c33548
999 _c243703
_d243703